| 000 | 00520nam a2200181 i 4500 | ||
|---|---|---|---|
| 001 | 33090 | ||
| 003 | ES-MaACL | ||
| 005 | 20250720204511.0 | ||
| 007 | t| | ||
| 008 | 030201s1959 sp ||||1| spa d | ||
| 100 | 0 |
_aBescós, A. _928571 |
|
| 245 | 1 | 0 |
_aAlrededores de Barcelona / _cpor A. Bescos y X. Coll. |
| 260 |
_aGranollers : _bEd. Alpina, _c[1959] ( _fBusquets) |
||
| 300 |
_a24 cm ; _c16 cm. |
||
| 700 | 1 |
_aColl, Xavier, _d1901-1981 _939622 |
|
| 852 |
_aES-MaACL _j2004-F-23 _bR.44731 |
||
| 999 |
_c33090 _d33090 |
||